000 00911cam a2200205 4500
001 WS114650
008 010919n 000 0 eng u
035 _a(Sirsi) u114650
110 _aDepartment for Environment, Food and Rural Affairs
_94094
245 _aDEFRA : Sustainable Development
520 _aWeb site for this government department's work and information on sustainable development. Includes guidance on preparing regional sustainable development frameworks, Quality of Life Counts, fact sheets and Local Agenda 21 case studies.
650 _aGOVERNMENT
650 _aSUSTAINABLE DEVELOPMENT
650 _aQUALITY OF LIFE COUNTS
650 _aSUSTAINABLE DEVELOPMENT FRAMEWORKS
650 _aLOCAL AGENDA 21
690 _aDEVELOPMENT-SUSTAINABLE
856 4 0 _uhttps://www.defra.gov.uk/environment/sustainable/index.htm
_zView the website free of charge at www.defra.gov.uk...
942 _n0
999 _c119893
_d119893